Flags of the World but Nordic #1 - Statistics

General Stats
  • This quiz has been taken 879 times
  • The average score is 19 of 20
Answer Stats
Picture Answer % Correct
Denmark
99%
Finland
99%
Norway
99%
Sweden
99%
United States
99%
Germany
98%
Iceland
98%
Australia
97%
Brazil
97%
Canada
97%
Mexico
97%
South Africa
97%
Spain
97%
United Kingdom
97%
Ireland
96%
Japan
96%
Colombia
94%
Pakistan
94%
France
87%
Russia
86%
No matching quizzes found
Score Distribution
Percent of People with Each Score
Percentile by Number Answered
Your Score History
You have not taken this quiz